00536nam a22001937a 450000500170000001000130001702000110003003500130004103700160005404000120007008200160008210000280009824500520012626000360017827000520021430000250026665000210029165000300031220170124110019.0 aA-828960 c250.00 aA-828960 bCen Lib/Ret aDPLbEN a615.32bCHA aChatterjee, Tapan kumar aHerbal options /cby Tapan kumar Chatterjeeb  aCalcuttabEastern Tradersc1997 aBlock 30, flat 178,Govt. Qrt.bCalcuttae700060 axi, 234p. c20cm(Hb) aMedicinal plants aMateria medica, Vegetable